| 000 | 01048nam a22002537a 4500 | ||
|---|---|---|---|
| 999 |
_c63887 _d63887 |
||
| 005 | 20240530110704.0 | ||
| 008 | 171225s2015 ua a g b 000 0dara d | ||
| 017 |
_a2015/16820 _bمصر. دار الكتب |
||
| 020 | _a9789779104638 | ||
| 040 |
_aEG-CaGPL _cEG-CaGPL |
||
| 082 | 0 | 4 |
_221 _a398.209669701\ _bن ح |
| 100 | 0 | _aنادية عبدالفتاح الباجورى | |
| 245 | 1 | 2 |
_aالحكايات الشعبية عند الهوسا فى نيجيريا : _bدراسة فى الانثروبولوجيا الثقافية / _cنادية عبدالفتاح الباجورى . |
| 250 | _aط.1 | ||
| 260 |
_aالقاهرة : _bالهيئة المصرية العامة للكتاب ، _c2015 . |
||
| 300 |
_a370 ص. ؛ _c24 سم. |
||
| 504 | _aببليوجرافية : ص 345 - 364 | ||
| 650 | 0 | 7 |
_2qrmak _aالقصص الشعبية |
| 650 | 0 | 7 |
_2qrmak _aقبيلة الهوسا |
| 650 | 0 | 7 |
_2qrmak _aالقصص الشعبية الهوساوية |
| 651 | _2qrmak | ||
| 942 |
_2ddc _cBK |
||